[Event "KP 2017-18, Hronov - Dvur Kralove"]
[Site "?"]
[Date "2018.01.07"]
[Round "5.5"]
[White "Szablewski, Krzysztof"]
[Black "Saucuk, Martin"]
[Result "1-0"]
[WhiteElo "1886"]
[BlackElo "1955"]
[PlyCount "91"]
[EventDate "2018.??.??"]

1. f4 d5 2. Nf3 Nf6 3. e3 Bg4 4. d4 e6 5. Bd3 c5 6. c3 Nc6 7. O-O Bd6 8. Qa4 c4
9. Be2 a6 10. Nbd2 O-O 11. Qd1 Qc7 12. Ne5 Bxe2 13. Qxe2 Nd7 14. e4 f6 15. Nxc6
Qxc6 16. e5 Be7 17. exf6 Nxf6 18. Re1 Rfe8 19. Qxe6+ Qxe6 20. Rxe6 Bf8 21. Rxe8
Rxe8 22. Kf1 Bd6 23. Nf3 Ne4 24. g3 b5 25. a3 Kf7 26. Bd2 Kf6 27. Re1 a5 28.
Re2 Rb8 29. Ng5 Nxd2+ 30. Rxd2 b4 31. axb4 axb4 32. Nxh7+ Kf5 33. Ng5 bxc3 34.
bxc3 Rb3 35. Rc2 Be7 36. Kf2 Bxg5 37. fxg5 Kxg5 38. Kf3 Kf6 39. h4 g6 40. Kf4
Ra3 41. g4 Rb3 42. g5+ Ke6 43. Re2+ Kd6 44. Re3 Rb1 45. h5 Rf1+ 46. Rf3 1-0

[Event "KP 2017-18, Hronov - Dvur Kralove"]
[Site "?"]
[Date "2018.01.07"]
[Round "5.6"]
[White "Nejedlo, Josef"]
[Black "Franc, Martin"]
[Result "1-0"]
[WhiteElo "1861"]
[BlackElo "1730"]
[PlyCount "55"]
[EventDate "2018.??.??"]

1. c4 Nf6 2. Nc3 e6 3. Nf3 d5 4. d4 c6 5. e3 Nbd7 6. Bd3 Be7 7. O-O O-O 8. Qc2
dxc4 9. Bxc4 b5 10. Bd3 Bb7 11. e4 b4 12. Ne2 h6 13. Ne5 Rc8 14. Be3 a5 15.
Nxd7 Nxd7 16. Nf4 c5 17. d5 exd5 18. Nxd5 Bxd5 19. exd5 Nf6 20. Bf5 Rc7 21.
Rad1 Nxd5 22. Bf4 Ra7 23. Qc4 Nb6 24. Qb5 Qa8 25. Qxb6 Ra6 26. Qc7 Bd8 27. Qxc5
Rf6 28. Bg3 1-0

[Event "KP 2017-18, Hronov - Dvur Kralove"]
[Site "?"]
[Date "2018.01.07"]
[Round "5.7"]
[White "Gorecki, Janusz"]
[Black "Fuchs, Frantisek"]
[Result "0-1"]
[WhiteElo "1829"]
[BlackElo "1827"]
[PlyCount "110"]
[EventDate "2018.??.??"]

1. e4 c5 2. Nf3 d6 3. d4 cxd4 4. Nxd4 Nf6 5. Nc3 g6 6. Be3 Bg7 7. h4 h5 8. Be2
a6 9. Qd2 b5 10. Bf3 Bb7 11. e5 dxe5 12. Bxb7 exd4 13. Qxd4 Nbd7 14. Bxa8 Qxa8
15. O-O O-O 16. Rad1 Qb8 17. Qa7 Qc8 18. Nd5 Nxd5 19. Rxd5 Nf6 20. Rc5 Qg4 21.
Qxe7 Re8 22. Qc7 Qxh4 23. Bg5 Qg4 24. Bxf6 Bxf6 25. c3 h4 26. f3 Qe6 27. Qf4
Bd8 28. Kh1 Bb6 29. Rg5 Be3 30. Qxh4 Kg7 31. g4 Rh8 32. Rh5 gxh5 33. gxh5 Qf5
34. Qg4+ Qg5 35. Kg2 Rxh5 36. Re1 Bf4 37. Rb1 Rh2+ 38. Kg1 Qxg4+ 39. fxg4 Rd2
40. a4 Kg6 41. axb5 axb5 42. b3 Rc2 43. c4 bxc4 44. bxc4 Rxc4 45. Rb5 Bg5 46.
Rb6+ f6 47. Kg2 Rxg4+ 48. Kf3 Rf4+ 49. Kg3 Rc4 50. Kf3 Kh5 51. Kg3 Rc3+ 52. Kg2
Kg4 53. Rb4+ Bf4 54. Rb6 Rc2+ 55. Kh1 Rh2+ 0-1

[Event "KP 2017-18, Hronov - Dvur Kralove"]
[Site "?"]
[Date "2018.01.07"]
[Round "5.8"]
[White "Svida, Rostislav"]
[Black "Cibulka, Josef"]
[Result "1/2-1/2"]
[WhiteElo "1699"]
[BlackElo "1651"]
[PlyCount "65"]
[EventDate "2018.??.??"]

1. d4 d5 2. Nf3 e6 3. g3 c5 4. Bg2 Nc6 5. O-O Qb6 6. c3 h6 7. e3 Nf6 8. Nbd2
Bd7 9. Ne5 Bd6 10. Nxd7 Nxd7 11. Re1 O-O 12. dxc5 Nxc5 13. Qc2 Rac8 14. e4 Nb4
15. Qb1 Nbd3 16. Rf1 dxe4 17. Nxe4 Nxc1 18. Qxc1 Nxe4 19. Bxe4 Rfd8 20. Qc2 Bc5
21. Rad1 Rxd1 22. Rxd1 Qc7 23. Qd2 b6 24. Qd7 g6 25. Bb7 Qxd7 26. Rxd7 Rb8 27.
Ba6 Ra8 28. Kf1 Kf8 29. b4 Be7 30. Ke2 Bf6 31. Kd3 Rd8 32. Rxd8+ Bxd8 33. c4
1/2-1/2

[Event "KP 2017-18, Slavia HK - Nachod B"]
[Site "?"]
[Date "2018.01.07"]
[Round "5.1"]
[White "Jezbera, Jiri"]
[Black "Pultar, Petr"]
[Result "1-0"]
[WhiteElo "2106"]
[BlackElo "1861"]
[PlyCount "93"]
[EventDate "2018.01.07"]

1. e4 d5 2. exd5 Qxd5 3. Nc3 Qa5 4. Nf3 c6 5. Bc4 Bg4 6. a3 Nf6 7. O-O e6 8. h3
Bh5 9. Be2 Nbd7 10. d4 Bd6 11. Nd2 Bxe2 12. Qxe2 Qc7 13. Nde4 Nxe4 14. Nxe4 Nf6
15. c4 Be7 16. b4 O-O 17. Bd2 e5 18. Ng3 exd4 19. Nf5 Rfe8 20. Qd3 c5 21. Rae1
Bf8 22. g4 Rxe1 23. Rxe1 Re8 24. Rxe8 Nxe8 25. Qe2 Nf6 26. g5 Nd7 27. Ne7+ Kh8
28. Nd5 Qe5 29. Qf3 Kg8 30. Kg2 Bd6 31. Bf4 Qe6 32. Bxd6 Qxd6 33. Qf5 Qe6 34.
Qf4 Qe5 35. Qg4 Qe6 36. Qf4 d3 37. bxc5 h6 38. gxh6 Qxh6 39. Qd4 d2 40. Ne7+
Kh8 41. Qxd7 Qg5+ 42. Kh2 Qf4+ 43. Kg2 Qg5+ 44. Kf3 d1=R 45. Qe8+ Kh7 46. Qg8+
Kh6 47. Qh8# 1-0

[Event "KP 2017-18, Slavia HK - Nachod B"]
[Site "?"]
[Date "2018.01.07"]
[Round "5.2"]
[White "Nyvlt, Otto"]
[Black "Ptacek, Tomas"]
[Result "0-1"]
[WhiteElo "1978"]
[BlackElo "2037"]
[PlyCount "56"]
[EventDate "2018.01.07"]

1. d4 Nf6 2. c4 c5 3. d5 b5 4. Nf3 bxc4 5. Nc3 d6 6. e4 g6 7. Bxc4 Bg7 8. O-O
O-O 9. Qe2 Bg4 10. h3 Bxf3 11. Qxf3 Nbd7 12. Qe2 Nb6 13. Bb5 Nfd7 14. f4 Qc7
15. Be3 e6 16. Bc6 Rad8 17. Nb5 Qb8 18. a4 Nf6 19. dxe6 fxe6 20. a5 Nc8 21. e5
Nd5 22. exd6 Rxd6 23. Bxd5 Rxd5 24. Qc4 Nd6 25. Nxd6 Qxd6 26. Rab1 Rb8 27. Rfc1
Rxb2 28. Bxc5 Rxc5 0-1

[Event "KP 2017-18, Slavia HK - Nachod B"]
[Site "?"]
[Date "2018.01.07"]
[Round "5.3"]
[White "Solc, Filip"]
[Black "Novotny, Jan"]
[Result "1/2-1/2"]
[WhiteElo "2022"]
[BlackElo "1936"]
[PlyCount "50"]
[EventDate "2018.01.07"]

1. e4 e5 2. Nf3 Nc6 3. Bc4 Nf6 4. O-O Be7 5. d3 O-O 6. c3 d5 7. exd5 Nxd5 8.
Re1 Bf6 9. Nbd2 Bf5 10. Ne4 Re8 11. Nxf6+ Nxf6 12. Ng5 Bg6 13. Qb3 Qd7 14. Qxb7
a6 15. Qb3 Na5 16. Qb4 Nxc4 17. Qxc4 Bxd3 18. Qh4 h6 19. Nh3 Qg4 20. Qxg4 Nxg4
21. f3 Nf6 22. Nf2 Bg6 23. b3 Rad8 24. c4 e4 25. fxe4 Nxe4 1/2-1/2

[Event "KP 2017-18, Slavia HK - Nachod B"]
[Site "?"]
[Date "2018.01.07"]
[Round "5.4"]
[White "Bednar, Jiri"]
[Black "Novak, Radomir"]
[Result "1/2-1/2"]
[WhiteElo "1859"]
[BlackElo "2119"]
[PlyCount "51"]
[EventDate "2018.01.07"]

1. e4 e6 2. d4 d5 3. Nd2 Nf6 4. e5 Nfd7 5. Bd3 c5 6. c3 Nc6 7. Ndf3 cxd4 8.
cxd4 Be7 9. Ne2 Nb6 10. Bd2 Bd7 11. Rc1 Nb4 12. Bb1 Bb5 13. O-O Qd7 14. Bc3 Rc8
15. b3 a5 16. Qd2 Ra8 17. Rfd1 Nc6 18. a4 Bxe2 19. Qxe2 Ba3 20. Bb2 Be7 21. Bd3
Nc8 22. Ne1 N8a7 23. Nc2 g6 24. f4 O-O 25. Ne3 Nb4 26. g4 1/2-1/2

[Event "KP 2017-18, Slavia HK - Nachod B"]
[Site "?"]
[Date "2018.01.07"]
[Round "5.5"]
[White "Tichy, Miroslav"]
[Black "Vagner, Patrik"]
[Result "1-0"]
[WhiteElo "2020"]
[BlackElo "1701"]
[PlyCount "53"]
[EventDate "2018.01.07"]

1. e4 c6 2. d4 d5 3. Nc3 dxe4 4. Nxe4 Bf5 5. Ng3 Bg6 6. h4 h6 7. Nf3 Nd7 8. h5
Bh7 9. Bd3 Bxd3 10. Qxd3 e6 11. Bd2 Qc7 12. O-O-O O-O-O 13. Qe2 Ngf6 14. Ne5
Nxe5 15. dxe5 Nd5 16. f4 Bc5 17. Ne4 Qb6 18. Rh3 Be7 19. Rb3 Qc7 20. c4 Nb6 21.
c5 Nd5 22. Nd6+ Bxd6 23. cxd6 Qd7 24. Be3 a6 25. Rd4 f6 26. Ra4 fxe5 27. fxe5
1-0

[Event "KP 2017-18, Slavia HK - Nachod B"]
[Site "?"]
[Date "2018.01.07"]
[Round "5.6"]
[White "Burdilak, Milan"]
[Black "Marek, Petr"]
[Result "0-1"]
[WhiteElo "1671"]
[BlackElo "1938"]
[PlyCount "62"]
[EventDate "2018.01.07"]

1. d4 d5 2. Nf3 Nf6 3. Bf4 e6 4. e3 c5 5. c3 Nbd7 6. Bd3 Be7 7. Nbd2 b6 8. O-O
a5 9. a4 Ba6 10. Bxa6 Rxa6 11. h3 O-O 12. Re1 Nh5 13. Bh2 f5 14. Ne5 Nxe5 15.
Bxe5 Nf6 16. Qe2 Ra7 17. c4 Ne4 18. Rac1 Qe8 19. b3 Bh4 20. g3 Be7 21. Kh2 g5
22. f3 Nf6 23. Bxf6 Rxf6 24. dxc5 Bxc5 25. e4 dxe4 26. fxe4 f4 27. Nf3 fxg3+
28. Kxg3 Qh5 29. Rf1 Rg7 30. Qd3 g4 31. Qd8+ Rf8 0-1

[Event "KP 2017-18, Slavia HK - Nachod B"]
[Site "?"]
[Date "2018.01.07"]
[Round "5.7"]
[White "Pribik, Petr"]
[Black "Hejzlar, Zdenek"]
[Result "1-0"]
[WhiteElo "1882"]
[BlackElo "1745"]
[PlyCount "89"]
[EventDate "2018.01.07"]

1. e4 c5 2. c3 e6 3. d4 cxd4 4. cxd4 Nf6 5. Nc3 d6 6. Nf3 h6 7. Bd3 b6 8. O-O
Be7 9. Be3 O-O 10. Rc1 Nbd7 11. Qd2 Ng4 12. h3 Nxe3 13. Qxe3 e5 14. Rfd1 Bg5
15. Nxg5 exd4 16. Qxd4 Qxg5 17. Kh1 Nc5 18. Qd5 Nxd3 19. Qxd3 Be6 20. Qxd6 Rad8
21. Qg3 Qe7 22. a3 Bb3 23. Rxd8 Rxd8 24. Qe3 Qe5 25. Kg1 f6 26. Re1 g5 27. Re2
Qd6 28. e5 fxe5 29. Qxe5 Qxe5 30. Rxe5 Rd2 31. Re2 Rd7 32. Ne4 Kf7 33. Rd2 Rc7
34. f3 Bc2 35. Nc3 Bb3 36. Kf2 Bc4 37. Rd6 Be6 38. Kg3 Ke7 39. Rd4 Kf6 40. h4
Rc5 41. Ne4+ Ke5 42. Nxc5 bxc5 43. Re4+ Kd5 44. hxg5 hxg5 45. Ra4 1-0

[Event "KP 2017-18, Slavia HK - Nachod B"]
[Site "?"]
[Date "2018.01.07"]
[Round "5.8"]
[White "Kansky, Josef"]
[Black "Picek, Ivan"]
[Result "1/2-1/2"]
[WhiteElo "1785"]
[BlackElo "1780"]
[PlyCount "69"]
[EventDate "2018.01.07"]

1. Nf3 Nf6 2. d4 g6 3. g3 Bg7 4. Bg2 O-O 5. O-O d5 6. b3 Ne4 7. Bb2 c5 8. c3
cxd4 9. cxd4 Nc6 10. e3 Bg4 11. Qe1 Qd7 12. Ne5 Nxe5 13. dxe5 Bh3 14. Nd2 Bxg2
15. Kxg2 Qf5 16. Nxe4 Qxe4+ 17. f3 Qf5 18. e4 dxe4 19. Qxe4 Qxe4 20. fxe4 Rfc8
21. Rac1 Bh6 22. Rc3 Rxc3 23. Bxc3 Rc8 24. Rf3 Bg7 25. Rd3 Kf8 26. Rf3 Rc6 27.
Rd3 Ke8 28. Kf3 Rc8 29. Ke2 Rc5 30. b4 Rc4 31. Kf3 Rc6 32. a3 Rc8 33. Ke2 Bh6
34. a4 Rd8 35. Rd5 1/2-1/2

[Event "KP 2017-18, Lazne Belohrad - Horice"]
[Site "?"]
[Date "2018.01.07"]
[Round "5.1"]
[White "Sveda, Lubomir"]
[Black "Tazlar, Petr"]
[Result "0-1"]
[WhiteElo "1081"]
[BlackElo "2251"]
[PlyCount "74"]
[EventDate "2018.??.??"]

1. d4 Nf6 2. f4 d5 3. Nf3 Bf5 4. e3 e6 5. Bd3 c6 6. O-O Nbd7 7. b3 Be7 8. Ba3
Bxd3 9. cxd3 Bxa3 10. Nxa3 a5 11. Nb1 O-O 12. Nbd2 Qb6 13. Ne5 c5 14. Nxd7 Nxd7
15. dxc5 Qxc5 16. d4 Qc3 17. Rf3 Nf6 18. Rc1 Qd3 19. Nf1 Qxd1 20. Rxd1 Rfc8 21.
Rf2 Ne4 22. Rb2 Rc3 23. Re1 Rac8 24. g3 Rc1 25. Rxc1 Rxc1 26. Kg2 b5 27. a4 b4
28. Kg1 Nc3 29. Kg2 g6 30. h3 Nd1 31. Rd2 Rb1 32. Rd3 Nc3 33. Nd2 Rd1 34. Kf2
f5 35. Kf3 Rc1 36. g4 Rc2 37. Nf1 Ne4 0-1

[Event "KP 2017-18, Lazne Belohrad - Horice"]
[Site "?"]
[Date "2018.01.07"]
[Round "5.2"]
[White "Sucharda, David"]
[Black "Nalevka, Petr"]
[Result "0-1"]
[WhiteElo "2031"]
[BlackElo "2062"]
[PlyCount "94"]
[EventDate "2018.??.??"]

1. d4 d5 2. c4 e6 3. Nf3 Nf6 4. g3 b6 5. Bg2 Bb7 6. O-O Be7 7. Nc3 O-O 8. Ne5
Nbd7 9. cxd5 Nxe5 10. dxe5 Nxd5 11. Ne4 a5 12. h4 h6 13. Qb3 a4 14. Qf3 Qe8 15.
Qg4 Kh7 16. Rd1 a3 17. b3 Rd8 18. Bd2 Ba6 19. Rac1 c5 20. Bc3 g6 21. h5 gxh5
22. Qf3 Rg8 23. Nf6+ Bxf6 24. exf6 Rg5 25. Qe4+ Kg8 26. Be5 Rg4 27. Qf3 Nb4 28.
Bc7 Rd5 29. e4 Rd3 30. Rxd3 Bxd3 31. Rd1 Qc6 32. Bf4 e5 33. Rxd3 Nxd3 34. Qxd3
exf4 35. e5 Qe8 36. Bh3 Rg5 37. e6 fxe6 38. Qd6 Kf7 39. Qxf4 Qd8 40. Qe4 Qxf6
41. Qb7+ Qe7 42. Qxb6 h4 43. g4 Rd5 44. Qb8 Qd7 45. Qf4+ Kg7 46. Bg2 Rd1+ 47.
Kh2 Qd6 0-1

[Event "KP 2017-18, Lazne Belohrad - Horice"]
[Site "?"]
[Date "2018.01.07"]
[Round "5.3"]
[White "Korinek, Pavel"]
[Black "Flasar, Jaroslav"]
[Result "1/2-1/2"]
[WhiteElo "1955"]
[BlackElo "2060"]
[PlyCount "90"]
[EventDate "2018.??.??"]

1. e4 c5 2. Nc3 g6 3. g3 Bg7 4. Bg2 Nc6 5. d3 d6 6. f4 b6 7. Nf3 Bb7 8. O-O e6
9. f5 gxf5 10. exf5 e5 11. Nd5 h6 12. f6 Nxf6 13. Nh4 Nxd5 14. Bxd5 f6 15. Qh5+
Kd7 16. Qf7+ Qe7 17. Qxe7+ Kxe7 18. Ng6+ Kd7 19. Nxh8 Rxh8 20. Bd2 Rc8 21. g4
Kc7 22. Kg2 Ne7 23. Bxb7 Kxb7 24. Rf2 Kc6 25. Raf1 Kd7 26. Kh3 Ke6 27. Kg3 b5
28. c3 d5 29. Be3 d4 30. Bd2 Nd5 31. a4 b4 32. Rc1 Nb6 33. b3 a5 34. Rcf1 Nd5
35. Rf5 Ne7 36. Rh5 Rh8 37. h4 Ng8 38. Kg2 Ne7 39. Kh3 Ng6 40. g5 hxg5 41. Rxh8
Bxh8 42. hxg5 f5 43. Kg3 Bg7 44. Rh1 Kf7 45. Kf3 Ke6 1/2-1/2

[Event "KP 2017-18, Lazne Belohrad - Horice"]
[Site "?"]
[Date "2018.01.07"]
[Round "5.4"]
[White "Matonoha, Ctirad"]
[Black "Kykal, Vojtech"]
[Result "1/2-1/2"]
[WhiteElo "2026"]
[BlackElo "1972"]
[PlyCount "62"]
[EventDate "2018.??.??"]

1. e4 c6 2. d4 d5 3. Nc3 e6 4. Nf3 Nf6 5. Bd3 c5 6. dxc5 Bxc5 7. O-O O-O 8. e5
Ng4 9. Ng5 f5 10. Qe2 Nc6 11. Nf3 a6 12. h3 Nh6 13. Bg5 Qe8 14. a3 Qg6 15. b4
Nd4 16. Qe3 Nxf3+ 17. Qxf3 Bd4 18. Bd2 Nf7 19. Rae1 Nxe5 20. Rxe5 Bxe5 21. Nxd5
exd5 22. Qxd5+ Be6 23. Qxe5 Rae8 24. Bc3 Kh8 25. Qd4 Rd8 26. Qf4 Bd5 27. f3 b5
28. Re1 Rc8 29. Bb2 Rce8 30. Rxe8 Qxe8 31. Bxf5 Qe7 1/2-1/2

[Event "KP 2017-18, Lazne Belohrad - Horice"]
[Site "?"]
[Date "2018.01.07"]
[Round "5.5"]
[White "Vavra, Vojtech"]
[Black "Rusnak, Jan"]
[Result "0-1"]
[WhiteElo "1835"]
[BlackElo "1962"]
[PlyCount "78"]
[EventDate "2018.??.??"]

1. d4 e6 2. Nf3 b6 3. g3 Bb7 4. Bg2 f5 5. O-O Nf6 6. c4 Be7 7. b3 O-O 8. Bb2
Qe8 9. Nbd2 Qh5 10. e3 g5 11. Ne5 Qxd1 12. Raxd1 Bxg2 13. Kxg2 d6 14. Nd3 Nbd7
15. Nf3 h6 16. Ba3 Ne4 17. Rc1 a5 18. Rfd1 Kf7 19. Rc2 Ndf6 20. c5 h5 21. cxd6
cxd6 22. Rc7 Nd5 23. Rc6 b5 24. Rdc1 a4 25. b4 Rh8 26. R1c2 h4 27. Nd2 hxg3 28.
hxg3 Nef6 29. Ne1 Ng4 30. Nef3 Ngxe3+ 31. fxe3 Nxe3+ 32. Kf2 Nxc2 33. Rxc2 Rac8
34. Ne1 Rh2+ 35. Ke3 f4+ 36. Kd3 Rxc2 37. Nxc2 fxg3 38. Ne1 g2 39. Ndf3 g4 0-1

[Event "KP 2017-18, Lazne Belohrad - Horice"]
[Site "?"]
[Date "2018.01.07"]
[Round "5.6"]
[White "Stefan, Jaroslav"]
[Black "Kykal, Zbynek"]
[Result "1/2-1/2"]
[WhiteElo "1905"]
[BlackElo "1764"]
[PlyCount "132"]
[EventDate "2018.??.??"]

1. Nf3 d5 2. g3 Nf6 3. Bg2 Bf5 4. c4 c6 5. Qb3 Qb6 6. O-O e6 7. d3 Nbd7 8. Bf4
Be7 9. Nbd2 O-O 10. Rac1 Rfe8 11. Qc2 h6 12. e4 dxe4 13. Nxe4 Nc5 14. Nfd2 Red8
15. Be3 Ng4 16. d4 Nxe3 17. fxe3 Nd7 18. Kh1 Nf6 19. c5 Qc7 20. Nc4 Nd5 21. a3
Rac8 22. Qf2 Bg6 23. Ne5 Nf6 24. Nxg6 fxg6 25. Qc2 Nd5 26. Qd3 e5 27. Bh3 Rb8
28. Be6+ Kh7 29. Bf7 exd4 30. Bxg6+ Kh8 31. exd4 Rf8 32. Bf7 Rbd8 33. Rf3 Nf6
34. Bc4 Qd7 35. Rd1 Qg4 36. Rf4 Nxe4 37. Rxe4 Qg5 38. b4 Rf2 39. Re2 Qf6 40.
Rxf2 Qxf2 41. Qe4 Rf8 42. d5 Qf3+ 43. Qxf3 Rxf3 44. d6 Bd8 45. Be6 g5 46. Bc8
b6 47. cxb6 axb6 48. Rc1 c5 49. bxc5 bxc5 50. Rxc5 Rxa3 51. Bf5 Ra1+ 52. Kg2
Rd1 53. d7 Kg7 54. Rc6 Bf6 55. Kf3 Rf1+ 56. Ke4 Re1+ 57. Kd3 Rd1+ 58. Kc4 Kf7
59. Bd3 Rc1+ 60. Kd5 Rxc6 61. Kxc6 Bd8 62. Kd6 Kf6 63. g4 Kf7 64. Be4 Kf6 65.
h3 Kf7 66. Ke5 Be7 1/2-1/2

[Event "KP 2017-18, Lazne Belohrad - Horice"]
[Site "?"]
[Date "2018.01.07"]
[Round "5.7"]
[White "Lelek, Petr"]
[Black "Lustinec, Vladimir"]
[Result "0-1"]
[WhiteElo "1825"]
[BlackElo "1957"]
[PlyCount "188"]
[EventDate "2018.??.??"]

1. d4 Nf6 2. c4 e6 3. a3 d5 4. e3 c5 5. dxc5 Bxc5 6. b4 Be7 7. Nf3 O-O 8. Qb3
b6 9. Bb2 Bb7 10. Nbd2 Nbd7 11. Be2 Rc8 12. O-O Qc7 13. Rac1 Qb8 14. Bc3 Bd6
15. h3 Ne5 16. cxd5 Nxd5 17. Bb2 Nf6 18. Nd4 Bd5 19. Qa4 Qa8 20. f3 Bb7 21. Nb5
Bb8 22. Bxe5 Bxe5 23. Qxa7 Qxa7 24. Nxa7 Ra8 25. Nb5 Bb2 26. Rc7 Ba6 27. e4
Bxb5 28. Bxb5 Rxa3 29. Nc4 Bd4+ 30. Kh1 Rb3 31. Rd1 e5 32. Rc1 Rxb4 33. Ba6 g6
34. Bb7 Rd8 35. Re7 Rd7 36. Rxd7 Nxd7 37. Nd6 Bc5 38. Ne8 Rb2 39. Nc7 Nf6 40.
Nd5 Nh5 41. Kh2 Kg7 42. Ba6 Nf6 43. Bd3 Nxd5 44. exd5 Rd2 45. Bc4 Rd4 46. Bb3
f5 47. Rd1 Kf6 48. Kg3 f4+ 49. Kh2 Rxd1 50. Bxd1 Bf2 51. h4 Bxh4 52. Kg1 Be1
53. Kf1 Bb4 54. Bc2 Kg5 55. Bd3 Kh4 56. Be4 Bc5 57. Bd3 Kg3 58. Be4 b5 59. Bd3
b4 60. Be4 Kh4 61. Ke2 Kg3 62. Kf1 Bd6 63. Kg1 Kh4 64. Kf1 Kg5 65. Ke2 Kh4 66.
Kf1 Be7 67. Kg1 Kg5 68. Kf2 Bc5+ 69. Ke2 Kh4 70. Kf1 Kg3 71. Bd3 Bd6 72. Be4
Be7 73. Bd3 Kh2 74. Be4 Bd6 75. Bd3 b3 76. Be4 Kg3 77. Bd3 b2 78. Be4 Bb4 79.
Bd3 Kh4 80. Be4 Kg5 81. Ke2 Kf6 82. Kd1 Kg5 83. Ke2 h6 84. Kf2 Kf6 85. Ke2 g5
86. Kf2 h5 87. Ke2 g4 88. fxg4 hxg4 89. Kd1 Kg5 90. Ke2 Kh4 91. Kf1 Kg3 92. Bf5
f3 93. gxf3 gxf3 94. Bd3 Kf4 0-1

[Event "KP 2017-18, Lazne Belohrad - Horice"]
[Site "?"]
[Date "2018.01.07"]
[Round "5.8"]
[White "Sucharda, Tomas"]
[Black "Matous, Bedrich"]
[Result "0-1"]
[WhiteElo "1700"]
[BlackElo "1881"]
[PlyCount "91"]
[EventDate "2018.??.??"]

1. b3 e5 2. Bb2 Nc6 3. e3 d5 4. Bb5 Bd6 5. Nf3 Qe7 6. d4 e4 7. Ne5 Qg5 8. Nxc6
a6 9. Na7+ axb5 10. Nxc8 Rxc8 11. O-O Nf6 12. h3 h5 13. Qe2 c6 14. a4 b4 15. a5
Rh6 16. Nd2 Rg6 17. f4 Qf5 18. Kh2 h4 19. Qf2 Rg3 20. Kh1 Nh5 21. Rae1 Be7 22.
Ra1 Ra8 23. c4 bxc3 24. Bxc3 Rg6 25. Rfe1 Ng3+ 26. Kh2 Kd7 27. b4 Rh6 28. Nb3
g5 29. Nc5+ Bxc5 30. dxc5 g4 31. Rg1 Qe6 32. Qd2 Rg6 33. Qd1 gxh3 34. gxh3 f6
35. Qd2 Qg8 36. Rg2 Qg7 37. Rag1 Rg8 38. Qf2 Qh7 39. Be1 Qh5 40. Bc3 Ke6 41.
Bd4 Kf5 42. Bb2 Qf3 43. Qxf3 exf3 44. Rf2 Ke4 45. Re1 Ne2 46. Rexe2 0-1

[Event "KP 2017-18, Jicin B - Vrchlabi"]
[Site "?"]
[Date "2018.01.07"]
[Round "5.1"]
[White "Urban, Zdenek"]
[Black "Havlikova, Kristyna"]
[Result "1/2-1/2"]
[WhiteElo "2162"]
[BlackElo "2257"]
[PlyCount "104"]
[EventDate "2017.12.03"]
[WhiteTeam "SK AD Jicin B"]
[BlackTeam "Spartak Vrchlabi"]

1. d4 Nf6 2. c4 g6 3. Nc3 d5 4. cxd5 Nxd5 5. e4 Nxc3 6. bxc3 Bg7 7. Bc4 c5 8.
Be3 O-O 9. Ne2 Nc6 10. O-O Bg4 11. f3 Bd7 12. Rb1 Qc7 13. Qc1 cxd4 14. cxd4
Rac8 15. Bd3 Qd6 16. Qb2 Ne5 17. Bb5 Bxb5 18. dxe5 Qd3 19. Bxa7 Ba6 20. Nf4 Qc2
21. Qxc2 Rxc2 22. Rf2 Rfc8 23. Rd1 Bxe5 24. Nd5 Bd6 25. e5 Ba3 26. Ne3 Rc1 27.
Rfd2 Bb5 28. Kf2 Rxd1 29. Rxd1 Ra8 30. Bb6 Bb2 31. Rd8+ Rxd8 32. Bxd8 Kf8 33.
f4 Bd4 34. Ba5 Bc5 35. Bc3 Bc4 36. a3 Ke8 37. Bb4 Ba7 38. Kf3 Bb5 39. g3 Kd7
40. Ke4 h5 41. h3 Bc6+ 42. Kd3 Bf3 43. g4 Ke6 44. Bc3 Bc5 45. f5+ gxf5 46.
gxf5+ Kd7 47. Bb4 Bb6 48. Nc4 Bc7 49. Kd4 h4 50. e6+ fxe6 51. Ne5+ Bxe5+ 52.
Kxe5 exf5 1/2-1/2

[Event "KP 2017-18, Jicin B - Vrchlabi"]
[Site "?"]
[Date "2018.01.07"]
[Round "5.2"]
[White "Chaloupecky, Vladimir"]
[Black "Zakoucka, Adela"]
[Result "1/2-1/2"]
[WhiteElo "1941"]
[BlackElo "2033"]
[PlyCount "136"]
[EventDate "2017.12.03"]
[WhiteTeam "Spartak Vrchabi"]
[BlackTeam "SK AD Jicin B"]

1. e4 c5 2. Nf3 Nc6 3. d4 cxd4 4. Nxd4 g6 5. Be3 Bg7 6. c3 Nf6 7. Nd2 O-O 8.
Be2 d5 9. Nxc6 bxc6 10. e5 Ne8 11. f4 Nc7 12. Nb3 Ba6 13. Nc5 Bxe2 14. Qxe2 Qc8
15. O-O a5 16. a4 Na6 17. b4 axb4 18. Nxa6 Qxa6 19. Qxa6 Rxa6 20. cxb4 Rb8 21.
Rfb1 e6 22. a5 Bf8 23. Bb6 Be7 24. Ra2 Kf8 25. Rc2 Bd8 26. Bxd8 Rxd8 27. Rbc1
Rc8 28. g4 Ke7 29. Rc5 Kd8 30. R1c3 Rb8 31. Rb3 Rb7 32. Kf2 Ra8 33. Rxc6 Rxa5
34. Rd6+ Ke7 35. bxa5 Rxb3 36. a6 Ra3 37. Ke2 h6 38. h4 d4 39. Rb6 Kf8 40. Kd2
Kg7 41. Rd6 Kf8 42. Kc2 d3+ 43. Kd2 Kg7 44. Rc6 Kf8 45. f5 gxf5 46. gxf5 exf5
47. Rxh6 Kg7 48. Rf6 Kg8 49. h5 f4 50. Rxf4 Rxa6 51. Kxd3 Kh7 52. Rxf7+ Kg8 53.
Rf5 Kg7 54. Kc4 Ra5 55. Kb4 Rd5 56. Kc4 Ra5 57. Kd4 Ra4+ 58. Ke3 Ra5 59. Kf4
Ra1 60. e6 Re1 61. Re5 Rf1+ 62. Ke4 Kf6 63. Rc5 Re1+ 64. Kf4 Rxe6 65. Rc7 Re7
66. Rc6+ Kg7 67. Kf5 Ra7 68. Rc5 Kh6 1/2-1/2

[Event "KP 2017-18, Jicin B - Vrchlabi"]
[Site "?"]
[Date "2018.01.07"]
[Round "5.3"]
[White "Rychna, Lukas"]
[Black "Plchot, Miroslav"]
[Result "0-1"]
[WhiteElo "1983"]
[BlackElo "1870"]
[PlyCount "92"]
[EventDate "2017.12.03"]
[WhiteTeam "SK AD Jicin B"]
[BlackTeam "Spartak Vrchlabi"]

1. e4 c5 2. Nf3 Nc6 3. d4 cxd4 4. Nxd4 Nf6 5. Nc3 e5 6. Ndb5 d6 7. Bd3 a6 8.
Na3 b5 9. Ne2 d5 10. Ng3 Bxa3 11. bxa3 O-O 12. O-O dxe4 13. Nxe4 Bf5 14. Bg5
Bxe4 15. Bxf6 Qxf6 16. Bxe4 Rad8 17. Qe2 Nd4 18. Qe3 Rc8 19. c3 Rxc3 20. Qd2
Rxa3 21. Kh1 Qf4 22. Qb2 Ra4 23. Rae1 Rd8 24. g3 Qg4 25. f4 f5 26. Bc2 Nxc2 27.
Qxc2 Rc4 28. Qb2 e4 29. Rc1 Rxc1 30. Rxc1 Rd1+ 31. Rxd1 Qxd1+ 32. Kg2 Qf3+ 33.
Kh3 Qf1+ 34. Kh4 Qd1 35. Kh3 Qd5 36. Qc2 h6 37. Qc8+ Kh7 38. a3 a5 39. Qc3 a4
40. Qc8 e3 41. Qc2 Kg6 42. Qe2 Qd2 43. Qxb5 e2 44. Qe8+ Kh7 45. Qe6 Qc2 46. Kh4
e1=Q 0-1

[Event "KP 2017-18, Jicin B - Vrchlabi"]
[Site "?"]
[Date "2018.01.07"]
[Round "5.4"]
[White "Rigo, Vit"]
[Black "Vitova, Anna"]
[Result "0-1"]
[WhiteElo "1801"]
[BlackElo "1733"]
[PlyCount "56"]
[EventDate "2017.12.03"]
[WhiteTeam "Spartak Vrchlabi"]
[BlackTeam "SK AD Jicin B"]

1. Nf3 c5 2. d3 d5 3. c3 Nf6 4. g3 e6 5. Bg2 Be7 6. O-O O-O 7. Nbd2 b6 8. e4
Ba6 9. exd5 exd5 10. c4 Nc6 11. a3 Rc8 12. Re1 d4 13. Ne4 Re8 14. Bh3 Rc7 15.
Bf4 Rb7 16. Nxf6+ gxf6 17. Qa4 b5 18. Qc2 Rb6 19. Nh4 Ne5 20. Qe2 Ng6 21. Nf5
bxc4 22. dxc4 Bc8 23. Nh6+ Kg7 24. Bxc8 Qxc8 25. Qh5 Bf8 26. Qd5 Rbe6 27. Nf5+
Kg8 28. Kf1 Rd8 0-1

[Event "KP 2017-18, Jicin B - Vrchlabi"]
[Site "?"]
[Date "2018.01.07"]
[Round "5.5"]
[White "Buchar, Petr"]
[Black "Tejkal, Lubomir"]
[Result "0-1"]
[WhiteElo "1951"]
[BlackElo "2011"]
[PlyCount "86"]
[EventDate "2017.12.03"]
[WhiteTeam "SK AD Jicin B"]
[BlackTeam "Spartak Vrchlabi"]

1. f4 d5 2. g3 Nc6 3. Nf3 Bf5 4. Bg2 Qd7 5. d3 h5 6. h3 O-O-O 7. c3 e6 8. Qa4
Kb8 9. Be3 a6 10. b4 Nd4 11. Qxd7 Nxf3+ 12. Bxf3 Rxd7 13. Nd2 Bd6 14. Bd4 f6
15. e4 Bg6 16. Nb3 e5 17. Bc5 b6 18. Bxd6 Rxd6 19. O-O-O Ne7 20. f5 Bf7 21. g4
dxe4 22. dxe4 Nc8 23. Kc2 Rxd1 24. Rxd1 hxg4 25. hxg4 Rh3 26. Be2 Nd6 27. Bxa6
Nxe4 28. Rd8+ Ka7 29. Bb5 Kb7 30. Rd3 Rh2+ 31. Nd2 Nd6 32. a4 e4 33. Re3 Bc4
34. Kc1 Bxb5 35. axb5 Nxb5 36. Nxe4 Rg2 37. c4 Nd4 38. Rd3 Nc6 39. b5 Ne5 40.
Rg3 Rxg3 41. Nxg3 Nxc4 42. Nh5 Ne3 43. g5 Nxf5 {èas} 0-1

[Event "KP 2017-18, Jicin B - Vrchlabi"]
[Site "?"]
[Date "2018.01.07"]
[Round "5.6"]
[White "Kalensky, Jakub"]
[Black "Kohout, Jan"]
[Result "1/2-1/2"]
[WhiteElo "1859"]
[BlackElo "1913"]
[PlyCount "32"]
[EventDate "2017.12.03"]
[WhiteTeam "Spartak Vrchlabi"]
[BlackTeam "SK AD Jicin B"]

1. e4 c5 2. Nf3 d6 3. g3 Nf6 4. d3 e6 5. Bg2 Be7 6. O-O Nc6 7. Nc3 O-O 8. Re1
a6 9. e5 dxe5 10. Nxe5 Nxe5 11. Rxe5 Bd6 12. Re1 h6 13. Ne4 Nxe4 14. Bxe4 Qc7
15. Qe2 Bd7 16. Bd2 Bc6 1/2-1/2